Ultimate Saturn V Quiz - Statistics

General Stats
  • This quiz has been taken 28 times
  • The average score is 12 of 38
Answer Stats
Hint Answer % Correct
Number of stages 3
100%
Number of Crew 3
100%
Associated Program: Apollo
89%
Total launched Saturn V's 13
72%
Acronym: LM Lunar Module
67%
Number of engines on S-IC and S-II 5
61%
Formal designation for Stage 1 S-IC
56%
Formal designation for Stage 2 S-II
56%
Formal designation for Stage 3 S-IVB
56%
Manufacturer of the S-IC stage Boeing
44%
Acronym: CSM Command and Service Module
44%
Engines employed on S-IC F-1
44%
Acronym: LES Launch Escape System
44%
Acronym: VAB Vehicle Assembly Building
44%
Engines employed on the S-II J-2
33%
Engines employed on the S-IVB J-2
33%
Fuel of the F-1 Engine RP-1
33%
Which S-IC engine ignited first Center
28%
Fuel of the S-II Engines LH2
28%
Manufacture of the Saturn V instrument unit IBM
22%
Name of the only manned Non-Apollo mission the Saturn V performed Skylab 1
22%
Category of Launch Vehicle Super Heavy
22%
Manufacturer of the S-II stage North American Aviation
11%
Name of motors used to settle propellant prior to S-II ignition Ullage
11%
Length of the TLI injection burn 6 minutes
6%
Fate of S-IVB after Apollo 13 Crashed into the moon
6%
Manufacturer of the S-IVB stage Douglas Aircraft Company
6%
Abort mode in which the S-IVB and CM engine would be used during an S-II failure S-IVB to COI
6%
Time of S-IC ignition (notated in T-) T-9
6%
Altitude of which the final parking orbit never exceeded (in km) 190
0%
Device deployed during Abort Mode IB Canards
0%
Acronym: COI Contingency Orbit Insertion
0%
Lunar mission configuration Earth Orbit Rendezvous
0%
Event which concludes Abort Mode IC LES seperation
0%
Phenomenon that necessitated the center S-II engine shutting down Longitudinal Pogo Oscillations
0%
Abort mode in which only the S-IVB engine would be used during an S-II failure S-IVB to Orbit
0%
Time that concludes Abort Mode IA (notated in T+) T+42
0%
Manuever done to extract the Lunar Module Transposition, Docking, Extraction
0%
No matching quizzes found
Score Distribution
Percent of People with Each Score
Percentile by Number Answered
Your Score History
You have not taken this quiz